000 00518nam a2200181Ia 4500
008 090201s9999 xx 000 0 und d
010 _aKPL-67232
040 _bमराठी
041 _aमराठी
082 _a44209
_b67232
100 _aलक्ष्मण माने
245 _aउपरा
_cलक्ष्मण माने
250 _a5
260 _c2005
_bग्रंथाली प्रकाशन
300 _a154
_bमोठा
600 _aउपरा
942 _cBOOK
999 _c241239
_d241239